| 000 | 00582nam a2200157Ia 4500 | ||
|---|---|---|---|
| 008 | 090711s9999 xx 000 0 und d | ||
| 082 | _b67591 | ||
| 100 | _aटिळेकर Sांद्रसेन | ||
| 245 | _aप्रश्नोत्तर गणकयंत्र | ||
| 260 | _c1991 | ||
| 600 | _aटिळेकर Sांद्रसेन | ||
| 630 | _aप्रश्नोत्तर गणकयंत्र | ||
| 700 | _aटिळेकर Sांद्रसेन | ||
| 730 | _aप्रश्नोत्तर गणकयंत्र | ||
| 942 | _cBOOK | ||
| 999 |
_c290213 _d290213 |
||